Ι.Μ. Παναγιωτόπουλος : ο ποιητής, ο πεζογράφος, ο κριτικός

Αποθηκεύτηκε σε:
Λεπτομέρειες βιβλιογραφικής εγγραφής
Κύριος συγγραφέας: Γιάκος, Δημήτριος Κ. 1914-
Μορφή: Βιβλίο
Γλώσσα:Greek
Δημοσίευση: Αθήνα : χ.ο., 1951
Θέματα:
Ετικέτες: Προσθήκη ετικέτας
Δεν υπάρχουν, Καταχωρήστε ετικέτα πρώτοι!

MARC

LEADER 00000cam a2200000 i 4500
001 1/94380
008 080922s1950 gre d
035 |l 10100360 
040 |a GR-MY-UA  |b gre  |e aacr 
041 0 |a gre 
082 0 |a ΑΚΑ 889  |2 (22) 
100 1 |a Γιάκος, Δημήτριος Κ.  |d 1914- 
245 1 0 |a Ι.Μ. Παναγιωτόπουλος :  |b ο ποιητής, ο πεζογράφος, ο κριτικός /  |c Δημήτρη Γιάκου 
260 |a Αθήνα :   |b χ.ο.,   |c 1951 
300 |a 123 σ.;  |c 22 εκ. 
650 0 0 |a Greek literature, Modern. 
650 0 0 |a Biography. 
852 |a INST  |b RHODES  |c AKA  |e 20080922  |h  889 ΓΙΑ  |p 005400028379  |q 005400028379  |t BK  |y 0 
901 |a BIBL4-2008-3 
909 |a Ρ  |b 153300 
970 |a ΜΙΣΣΟΣ  |b ΣΤΑΥΡΟΣ  |z 2008/09/22